Gaṇita kā itihāsa. (Record no. 67131)

MARC details
000 -LEADER
fixed length control field 00565cam a22002171 4500
001 - CONTROL NUMBER
control field sa 66000224
003 - CONTROL NUMBER IDENTIFIER
control field DLC
005 - DATE AND TIME OF LATEST TRANSACTION
control field 20260227112213.0
008 - FIXED-LENGTH DATA ELEMENTS--GENERAL INFORMATION
fixed length control field 891010s1965 ii ach b 000 0 hino
010 ## - LIBRARY OF CONGRESS CONTROL NUMBER
LC control number sa 66000224
035 ## - SYSTEM CONTROL NUMBER
System control number (OCoLC)20465358
040 ## - CATALOGING SOURCE
Original cataloging agency DLC
Transcribing agency WaU
Modifying agency DLC
050 00 - LIBRARY OF CONGRESS CALL NUMBER
Classification number QA21
Item number .M58
100 1# - MAIN ENTRY--PERSONAL NAME
Personal name Mohan, Brij,
Dates associated with a name 1908-1990.
245 10 - TITLE STATEMENT
Title Gaṇita kā itihāsa.
260 ## - PUBLICATION, DISTRIBUTION, ETC.
Date of publication, distribution, etc. [1965]
300 ## - PHYSICAL DESCRIPTION
Extent 24, 500 p.
Other physical details illus., facsims., ports.
Dimensions 23 cm.
500 ## - GENERAL NOTE
General note In Hindi.
504 ## - BIBLIOGRAPHY, ETC. NOTE
Bibliography, etc. note Includes bibliographies.
650 #0 - SUBJECT ADDED ENTRY--TOPICAL TERM
Topical term or geographic name entry element Mathematics
General subdivision History.

No items available.

Powered by Koha